00941 a2200157 45000010006000000050017000060080041000230030015000640400040000790800038001192450047001572640043002043000020002475050491002671000025007585468420260407155821.0260407a1973 arg spa dAR-UNSa-BCEJYS aAR-UNSa-BCEJYSbspacAR-UNSa-BCEJYS a32(09)xHistoria de la política10aEl mito políticopnaturaleza y función 1aBuenos Aires :bEdiciones Macchic1973 a70 p.c22,5 cm. aI. La realidad política: "Un universo de representaciones,de creencias y de apariencias" - II. La teoría de los mitos de Georges Sorel - III. La palabra mito: diferentes significados y relación entre ellos.El mito en el hombre arcaico y en el hombre moderno - IV. El mito político: naturaleza y función - V. Los mitos políticos contemporáneos: la clase,la nación,la raza - VI. Valoración de los mitos políticos contemporáneos - VII. De cara al mito: ¿Qué hacer?1 aLópez, Mario Justo